000 00409nam a22001577a 4500
005 20251108170700.0
008 250721s1973 xx 000 0 eng d
082 1 4 _aR/211.1/GLO
100 1 _aAli, Abdallah Yousuf
_eWrit.
245 1 4 _aThe Glorious Kur'an /
264 1 _aTripoli :
_bThe Call Fopr Islam Society,
_c1973.
300 _a1862p.
650 1 7 _aHoly Qur'an
942 _2ddc
_cREF
999 _c46499
_d46499